Cities of the Svalbardian States, on a Map - Statistics

General Stats
  • This quiz has been taken 8 times
  • The average score is 5 of 9
Answers on the Map
Answers color-coded by a green-red scale on the quiz's map according to % correct below.
 
Answer Stats
Pop. City % Correct
11,103 New Baltimore
100%
617 Boston
75%
721 Coalsville
50%
802 Fallgrass Town
50%
1,076 Lincoln
50%
673 Marpool
50%
698 Newton
50%
765 Surwell
50%
642 Washington
50%
No matching quizzes found
Score Distribution
Percent of People with Each Score
Percentile by Number Answered
Your Score History
You have not taken this quiz